| 000 | 00991nam a2200253 i 4500 | ||
|---|---|---|---|
| 001 | 188626 | ||
| 003 | SpMaBN | ||
| 005 | 20251013194933.0 | ||
| 008 | 190114s2007 sp ae |||| |dspa d | ||
| 020 | _a978-84-96042-51-3 | ||
| 080 | _a929 Isabel (460) II | ||
| 080 | _a94(460.13 S.)"18" | ||
| 100 | 1 |
_aCasado Cimiano, Pedro. _936014 |
|
| 245 | 1 | 0 |
_aIsabel II y los inicios de Santander como ciudad de veraneo / _cPedro Casado Cimiano, Mario Crespo López. |
| 260 |
_aTorrelavega : _bCantabria Tradicional, _c[2007] |
||
| 300 |
_a142 p. : _bil. col. y n., planos ; _c25 cm. |
||
| 504 | _aBibliografía: p. 137-140. | ||
| 600 | 0 | 7 |
_aIsabel _bII, _cReina de España- _xViajes _2 _9141060 |
| 651 |
_aSantander- _xHistoria- _yS.XIX. _9165959 |
||
| 700 | 1 |
_aCrespo López, Mario. _9145687 |
|
| 852 |
_aES-MaACL _jA-14296 _9195757 _bR.151694 _cDEPO1 _dOlim: N-7296 _gDedicatoria autógrafa del alcalde de Santander Íñigo de la Serna |
||
| 942 |
_2udc _cMONOGRAFIA |
||
| 999 |
_c188626 _d188626 |
||